Statistics for Thai Smile Destinations-Bangkok

Click here to take the quiz!

General Stats

  • This quiz has been taken 11 times
  • The average score is 19 of 29

Answer Stats

CountryAirport% Correct
CambodiaPhnom Penh
100%
Hong KongHong Kong
100%
ThailandPhuket
100%
ThailandChiang Mai
100%
MalaysiaKuala Lumpur
100%
MyanmarYangon
89%
CambodiaSiem Reap
89%
ThailandChiang Rai
89%
ChinaChongqing
89%
LaosVientiane
89%
IndiaMumbai
78%
MyanmarMandalay
78%
ThailandKrabi
67%
ThailandKhon Kaen
67%
ThailandUdon Thani
67%
LaosLuang Prabang
67%
IndiaKolkata
67%
MalaysiaPenang
56%
ThailandHat Yai
56%
ThailandSurat Thani
56%
IndiaGaya
44%
TaiwanKaohsiung
44%
IndiaVaranasi
33%
IndiaJaipur
33%
ThailandNarathiwat
33%
ChinaChangsha
33%
IndiaLucknow
22%
ChinaZhengzhou
22%
ThailandUdon Ratchathani
11%

Score Distribution

Percentile by Number Answered

Percent of People with Each Score

Your Score History

You have not taken this quiz